000
00357nam a2200157Ia 4500
003
OSt
005
20240207094044.0
008
170524s9999 xx 000 0 und d
020
_a
978-0070402676
040
_c
IIMT UNIVERSITY
100
_a
DAVIS GORDON B
100
_c
2011
245
0
_a
MANAGEMENT INFORMATION SYSTEMS
260
_a
TMH
942
_2
ddc
_c
01
999
_c
2633
_d
2633